000 01199nam a22003497a 4500
001 000106971
003 CHAP
005 20220817044529.0
008 120625s2011 mx r 00010 spa d
010 _a103433
011 _a104405
020 _a9786071202314
035 _a115095
040 _cCHAP
082 0 4 _a330.1
_bI62
245 1 0 _aInvestigación en economía, matemáticas, física y sus aplicaciones /
_c/cordinado por Daniel Sepúlveda Jiménez.
260 _aChapingo, Méx. :
_bUACH. Departamento de Preparatoria Agrícola,
_c2011.
300 _a546 p. :
_bilus., cuadros, gráfs.
590 _aBATCH-UPD
_b10
_c20130110
_lUCH01
_h1122
590 _aBATCH-UPD
_b10
_c20130410
_lUCH01
_h0712
590 _aBATCH-UPD
_b10
_c20130914
_lUCH01
_h1234
590 _aCONVERSION
_b10
_c20130109
_lUCH01
_h1357
590 _aE5995AHE
_b05
_c20150219
_lUCH01
_h0857
650 1 4 _aAgricultura
_xAspectos económicos.
650 1 4 _aEconomía matemática.
_935276
650 1 4 _aModelos matemáticos.
_976419
700 1 _aSepúlveda Jiménez, Danie
_e, coord.
_9104481
901 _aBK
942 _cLIBRO
942 _n0
949 _a630.1 I62
_bBC
_cUACH
_d33724002343538
_eUACH
_h117193
_i115095
_sb
999 _c103433
_d103433